[Event "DRUGA LIGA SRBIJE-GRUPA VOJVODINA-2019."]
[Site "Kovacica"]
[Date "2019.11.07"]
[Round "9.6"]
[White "Vranic, Ljubomir"]
[Black "Tancik, Kristijan"]
[Result "1/2-1/2"]
[WhiteElo "2211"]
[BlackElo "2260"]
[PlyCount "36"]
[EventDate "2019.11.01"]
[WhiteTeam "SK Senta Senta"]
[BlackTeam "Somborski SK Sombor"]

1. d4 Nf6 2. c4 g6 3. Nc3 d5 4. Nf3 Bg7 5. cxd5 Nxd5 6. Qb3 Nxc3 7. bxc3 c5 8.
e3 Nc6 9. Bb5 O-O 10. O-O Bg4 11. Be2 Qc7 12. Ba3 Na5 13. Qa4 Bd7 14. Bb5 Bxb5
15. Qxb5 b6 16. dxc5 Rfc8 17. Bb4 Nb7 18. cxb6 axb6 1/2-1/2

[Event "DRUGA LIGA SRBIJE-GRUPA VOJVODINA-2019."]
[Site "Kovacica"]
[Date "2019.11.07"]
[Round "9.6"]
[White "Dekic, Josip"]
[Black "Nagy, Attila N"]
[Result "0-1"]
[WhiteElo "2254"]
[BlackElo "2233"]
[PlyCount "116"]
[EventDate "2019.11.01"]
[WhiteTeam "Somborski SK Sombor"]
[BlackTeam "SK Senta Senta"]

1. e4 c5 2. Nf3 Nc6 3. d4 cxd4 4. Nxd4 Nf6 5. Nc3 d6 6. Bc4 Qb6 7. Nb3 e6 8.
O-O Be7 9. Kh1 O-O 10. Bd3 Bd7 11. f4 Rfd8 12. Qf3 Qc7 13. a3 a6 14. Bd2 b5 15.
Rae1 b4 16. axb4 Nxb4 17. e5 Nxd3 18. cxd3 Ne8 19. Ne4 Qb6 20. Na5 d5 21. Ng5
g6 22. f5 exf5 23. Qxd5 Be6 24. Qc6 Qxc6 25. Nxc6 Bxg5 26. Bxg5 Rxd3 27. Rd1
Rxd1 28. Rxd1 Kg7 29. Rd8 Rxd8 30. Bxd8 f6 31. exf6+ Nxf6 32. Kg1 Ne4 33. Bb6
g5 34. Bd4+ Kf8 35. Ne5 Ke7 36. Nd3 Kd6 37. Nf2 Nc5 38. Nh3 Nb3 39. Bg7 g4 40.
Ng5 Bg8 41. Kf2 f4 42. Ne4+ Ke6 43. Bf8 Nc1 44. Nc5+ Kd5 45. Nxa6 Nd3+ 46. Kg1
Nxb2 47. Nb4+ Ke4 48. Bc5 Nd1 49. Ba7 Bc4 50. Bb6 h5 51. Ba7 Nc3 52. Nc2 h4 53.
Bb6 Ne2+ 54. Kf1 g3 55. hxg3 fxg3 56. Ke1 Nf4 57. Ne3 Nxg2+ 58. Nxg2 h3 0-1

[Event "DRUGA LIGA SRBIJE-GRUPA VOJVODINA-2019."]
[Site "Kovacica"]
[Date "2019.11.07"]
[Round "9.6"]
[White "Simonyi, Zoltan"]
[Black "Tokovic, Svetozar"]
[Result "0-1"]
[WhiteElo "2149"]
[BlackElo "2227"]
[PlyCount "87"]
[EventDate "2019.11.01"]
[WhiteTeam "SK Senta Senta"]
[BlackTeam "Somborski SK Sombor"]

1. d4 Nf6 2. c4 e6 3. Nc3 Bb4 4. f3 d5 5. a3 Bxc3+ 6. bxc3 c5 7. cxd5 Nxd5 8.
Qd3 Nc6 9. e4 Nf6 10. Be3 Qa5 11. Bd2 Qc7 12. Ne2 O-O 13. Be3 Rd8 14. Qc4 b6
15. Rd1 Na5 16. Qa2 Ba6 17. Kf2 Rac8 18. Ng3 cxd4 19. cxd4 Bc4 20. Qb1 Bb3 21.
Re1 Qe7 22. Ba6 Rc2+ 23. Re2 Rxe2+ 24. Nxe2 Qxa3 25. Rc1 Ne8 26. Rc3 Qa4 27.
Qc1 Qd7 28. Bf4 Ba4 29. Bg5 f6 30. Bf4 Nb3 31. Qa3 Nxd4 32. Nxd4 Qxd4+ 33. Be3
Qe5 34. f4 Qa5 35. Bc4 Rd6 36. f5 b5 37. Bb3 b4 38. Qxa4 Qxa4 39. Bxa4 bxc3 40.
Bxe8 c2 41. Ba4 Ra6 42. Bb3 Ra3 43. Bxe6+ Kh8 44. Bc4 0-1